=LDR 00000nam 2200000 4500 =001 INLIS000000000015313 =005 20130612110607 =008 ***********************************636.573** =035 ##$$0010-061300000015313 =041 ##$$a 636.573 =082 ##$$a 636.573 =090 ##$$a 636.573, PRI-m =100 ##$$a Priyatno, Martono Adi =245 ##$$a Mendirikan Usaha Pemotongan Ayam, Martono Adi Priyatno =260 ##$$a 1997 $b Jakarta =300 ##$$a IX ,120 hlm, Ilus, 21 cm =650 ##$$a Ayam Pedagang =850 ##$$a NBPNMAT